Diagnóstico del estado de la acuicultura en Colombia (Registro nro. 7623)

Detalles MARC
000 -CABECERA
Campo de control 00824nam a22002177a 4500
005 - FECHA Y HORA DE LA ULTIMA TRANSACCION
Campo de control 20170726020002.0
008 - ELEMENTOS DE LONGITUD FIJA—INFORMACION GENERAL
Campo de control 130827b2013 ck ||||| |||| 00| 0 spa d
020 ## - ISBN
ISBN 9789585797406
041 ## - IDIOMA
Código de idioma para texto/pista de sonido o título separado Español
044 ## - PAÍS DE PUBLICACIÓN
País de publicación Colombia
082 ## - NUMERO DE CLASIFICACION DECIMAL DEWEY
Número de clasificación 639.2
Número del ítem M562d
100 1# - ASIENTO PRINCIPAL--NOMBRE PERSONAL
Nombre personal Merino, Maria Claudia
245 10 - MENCION DE TITULO
Título Diagnóstico del estado de la acuicultura en Colombia
Mención de responsabilidad Maria Claudia Merino ... [et al].
260 ## - PUBLICACION, DISTRIBUCION, ETC. (PIE DE IMPRENTA)
Lugar de publicación, distribución, etc. Bogotá
Nombre del editor, distribuidor, etc. Autoridad Nacional de Acuicultura y Pesca - AUNAP,
-- FAO,
-- Ministerio de Agricultura y Desarrollo Rural
Fecha de publicación, distribución, etc. 2013
300 ## - DESCRIPCION FISICA
Extensión 160 p.
Otros detalles físicos il., tablas, mapas, gráficas
Dimensiones 27 cm.
650 #4 - ASIENTO SECUNDARIO DE MATERIA - TERMINO TEMATICO
Término temático o nombre geográfico como elemento de entrada Pesca artesanal
Subdivisión geográfica Colombia
650 #4 - ASIENTO SECUNDARIO DE MATERIA - TERMINO TEMATICO
Término temático o nombre geográfico como elemento de entrada Acuicultura
Subdivisión general Aspectos económicos
650 #4 - ASIENTO SECUNDARIO DE MATERIA - TERMINO TEMATICO
Término temático o nombre geográfico como elemento de entrada Acuicultura marina
Subdivisión geográfica Colombia
650 #4 - ASIENTO SECUNDARIO DE MATERIA - TERMINO TEMATICO
Término temático o nombre geográfico como elemento de entrada Acuicultura sostenible
Subdivisión geográfica Colombia
942 ## - ELEMENTOS ADICIONALES (KOHA)
Sistema de clasificación Dewey Decimal Classification
Tipo de ítem Libro
Koha issues (borrowed), all copies 4
Existencias
Withdrawn status Lost status Sistema de Clasificación Damaged status No para préstamo Colección Inventariado Ubicación Permanente Ubicación actual Fecha de adquisición Fuente de Valor Valor Total Checkouts Número topográfico Inventario / Código de Barras Date last seen Ejemplar Price effective from Forma de adquisición Tipo de material Total Renewals Date checked out
    Dewey Decimal Classification     General Inventariado 2017 Bogotá Bogotá 04/11/2014 Instituto 39000.00 1 LB-639.2 M562d 058421 23/08/2017 Ej. 1 04/11/2014   Libro 1 25/07/2017
    Dewey Decimal Classification     General Inventariado 2017 Sala Fabio Quevedo Sala Fabio Quevedo 10/03/2014 Instituto 39000.00   LB-639.2 M562d 059938 10/03/2014 Ej. 2 10/03/2014   Libro